Sports Quiz

Random Sports or Europe Quiz

Euro 2008 Schedule Quiz Stats

 Plays Quiz not verified by Sporcle

Challenge
Share
Tweet
Embed
Score 0/31 Timer 06:00
0 Plays Today
Question Answer Wrong Answers
Germany - Poland (Group B) ???
89.2%
???
8.1%
???
2.7%
Portugal - Turkey (Group A) ???
89.2%
???
5.4%
???
5.4%
Spain - Russia (Group D) ???
83.8%
???
2.7%
???
0%
Germany - Turkey (Semi-finals) ???
81.1%
???
2.7%
Greece - Spain (Group D) ???
81.1%
???
2.7%
???
0%
Netherlands - Romania (Group C) ???
78.4%
???
2.7%
???
2.7%
Russia - Spain (Semi-finals) ???
78.4%
???
5.4%
Austria - Germany (Group B) ???
78.4%
???
5.4%
???
0%
Germany - Spain (Final) ???
78.4%
???
5.4%
Sweden - Spain (Group D) ???
75.7%
???
8.1%
???
0%
Czech Republic - Portugal (Group A) ???
75.7%
???
5.4%
???
5.4%
Portugal - Germany (Quarter-finals) ???
75.7%
???
8.1%
Spain - Italy (Quarter-finals) ???
73%
???
10.8%
Netherlands - France (Group C) ???
70.3%
???
10.8%
???
2.7%
Austria - Croatia (Group B) ???
64.9%
???
24.3%
???
10.8%
Croatia - Turkey (Quarter-finals) ???
62.2%
???
21.6%
Switzerland - Czech Republic (Group A) ???
59.5%
???
24.3%
???
16.2%
Greece - Russia (Group D) ???
59.5%
???
13.5%
???
10.8%
Switzerland - Turkey (Group A) ???
59.5%
???
10.8%
???
16.2%
Netherlands - Italy (Group C) ???
56.8%
???
27%
???
2.7%
Greece - Sweden (Group D) ???
56.8%
???
8.1%
???
21.6%
Russia - Sweden (Group D) ???
54.1%
???
21.6%
???
8.1%
France - Italy (Group C) ???
54.1%
???
18.9%
???
10.8%
Turkey - Czech Republic (Group A) ???
54.1%
???
18.9%
???
10.8%
Netherlands - Russia (Quarter-finals) ???
48.6%
???
35.1%
Romania - France (Group C) ???
45.9%
???
2.7%
???
40.5%
Poland - Croatia (Group B) ???
43.2%
???
21.6%
???
18.9%
Croatia - Germany (Group B) ???
37.8%
???
37.8%
???
10.8%
Austria - Poland (Group B) ???
35.1%
???
8.1%
???
43.2%
Italy - Romania (Group C) ???
27%
???
48.6%
???
10.8%
Switzerland - Portugal (Group A) ???
27%
???
51.4%
???
5.4%

You're not logged in!

Compare scores with friends on all Sporcle quizzes.
OR
Log In

You Might Also Like...

Show Comments

Extras

Top Quizzes Today


Score Distribution

Your Account Isn't Verified!

In order to create a playlist on Sporcle, you need to verify the email address you used during registration. Go to your Sporcle Settings to finish the process.

Report this User

Report this user for behavior that violates our Community Guidelines.

Details: